| 000 | 00635nam a2200205Ia 4500 | ||
|---|---|---|---|
| 005 | 20260604225058.0 | ||
| 008 | 210422s9999 xx 000 0 und d | ||
| 020 | _a968-16-0369-9 | ||
| 041 | _aESPAÑOL | ||
| 082 |
_a305.55 _bB47 |
||
| 100 | _aBERLIN, ISAIAH | ||
| 245 | 0 | _aPENSADORES RUSOS | |
| 260 |
_aMEXICO _bFONDO DE CULTURA ECONOMICA _c1979 |
||
| 300 |
_a557 . PAGINAS. _c16.4CM X 10.3 CM |
||
| 505 | _aLA INTELLIGENTSIA RUSA ES UNA DE LAS PRESENCIAS CLAVES FUNDADORAS PARA EN LA SEGUNDA MITAD DEL SIGLO XIX. | ||
| 650 | _aCIENCIAS SOCIALES | ||
| 650 | _aGRUPOS SOCIALES | ||
| 700 | _aISAIAH BERLIN | ||
| 942 |
_cBK _2ddc |
||
| 999 |
_c32493 _d32493 |
||